Ventilación mecánica en anestesia (Registro nro. 306836)
[ vista simple ]
| 000 -ENCABEZADO | |
|---|---|
| Número de control [NR] | 00769nam a2200265 b 4500 |
| 001 - NÚMERO DE CONTROL | |
| control field | bimo0001501265 |
| 003 - IDENTIFICADOR DE CONTROL NÚMERO | |
| control field | SpMaBN |
| 005 - FECHA Y HORA DE LA ÚLTIMA TRANSACCIÓN | |
| control field | 20170814153247.0 |
| 008 - DE LONGITUD FIJA DE DATOS DE ELEMENTOS - INFORMACIÓN GENERAL | |
| Elementos de longitud fija [NR] | 170814s1998 sp | ||| ||spa d |
| 020 ## - NUMERO INTERNACIONAL NORMALIZADO PARA LIBROS [R] | |
| Número Internacional Normalizado del libro [NR] | 9788486725402 |
| 035 ## - NUMERO DE CONTROL DEL SISTEMA [R] | |
| Número de control del sistema [NR] | (OCoLC)433136237 |
| 040 ## - FUENTE DE CATALOGACION [NR] | |
| Agencia de catalogación original [NR] | Co-BoUCM |
| Idioma de catalogación [NR] | spa |
| Quien Cataloga | Sandra Palacio |
| Quien Clasifica | Sandra Palacio |
| 041 0# - CODIGO DE IDIOMA [R] | |
| Código de idioma para texto/pista de sonido o título separado [R] | Español |
| 060 ## - SIGNATURA TOPOGRAFICA DE LA BIBLIOTECA NACIONAL DE MEDICINA (NLM) [R] | |
| Número clasificador [R] | WO 250 |
| 080 #0 - NUMERO DE CLASIFICACION DECIMAL UNIVERSAL (CDU) [R] | |
| Número de la Clasificación Decimal Universal [NR] | 615.816.2 |
| 080 #0 - NUMERO DE CLASIFICACION DECIMAL UNIVERSAL (CDU) [R] | |
| Número de la Clasificación Decimal Universal [NR] | 616-089.5 |
| 100 1# - ASIENTO PRINCIPAL--NOMBRE PERSONAL [NR] | |
| Nombre personal [NR] | Belda, F. Javier |
| ID Autoridad | 86815 |
| 245 10 - MENCION DE TITULO [NR] | |
| Título [NR] | Ventilación mecánica en anestesia |
| Mención de responsabilidad, etc. [NR] | F. Javier Belda, Julio Lloréns |
| 260 ## - PUBLICACION, DISTRIBUCION, ETC. (PIE DE IMPRENTA) [R] | |
| Lugar de publicación, distribución, etc. [R] | Madrid |
| Nombre del editor, distribuidor, etc. [R] | Arán |
| Fecha de publicación, distribución, etc. [R] | 1998 |
| 300 ## - DESCRIPCION FISICA [R] | |
| Extensión [R] | 398 páginas |
| 650 17 - ASIENTO SECUNDARIO DE MATERIA - TERMINO TEMATICO [R] | |
| Término temático o nombre geográfico como elemento de entrada [NR] | Respiración artificial |
| 9 (RLIN) | 100 |
| 650 27 - ASIENTO SECUNDARIO DE MATERIA - TERMINO TEMATICO [R] | |
| Término temático o nombre geográfico como elemento de entrada [NR] | Anestesia |
| 9 (RLIN) | 9059 |
| 700 1# - ASIENTO SECUNDARIO - NOMBRE PERSONAL [R] | |
| Nombre personal [NR] | Lloréns, Julio |
| 9 (RLIN) | 86816 |
| 942 ## - ELEMENTOS DE ENTRADA AGREGADOS (KOHA) | |
| Sistema de clasificación | NLM |
| Tipo de ítem principal el descrito en 300a | Libro |
| Tema principal | Medicina |
| Edición | 1 |
| Clasificación | WO 250 |
| Parte restante de la signatura top. | B427vm |
| Fecha de último préstamo | Total préstamos | Total Renewals | Signatura topográfica | Código de barras | Última vez visto | Ejemplar | Costo de reposición | Price effective from | Tipo de ítem | Perdido | Sistema de clasificación | Dañado | No prestable | Tipo de ítem específico | Suprimido | Ubicación habitual | Ubicación actual | Localización | Fecha de creación | Proveedor | Forma de adquisición | Costo |
|---|---|---|---|---|---|---|---|---|---|---|---|---|---|---|---|---|---|---|---|---|---|---|
| 21/01/2019 | 2 | 6 | WO 250 B427vm | 100153670 | 01/12/2025 | Ej.1 | 105535.00 | 02/08/2017 | Libro de reserva | NLM | Libro de reserva | Hospital Universitario Mayor | Hospital Universitario Mayor | 9no piso | 02/08/2017 | 37 | Compra | 105535.00 |